000 00644nam a2200217Ia 4500
003 GCL
008 140319s9999 xx 000 0 eng d
020 _a0072935863
040 _aGCL /
_cGCL
082 0 4 _a658.4038
_bH M
100 1 _aHAAG, STEPHEN
245 1 0 _aMANAGEMENT INFORMATION SYSTEMS FOR THE INFORMATION AGE /
_cHAAG, STEPHEN
700 1 _aCUMMINGS, MAEVE
250 _a5
260 _aنيويورك :
_bMC GRAW - HILL ،
_c2005
300 _a32 CM ؛
_c554 P
650 0 4 _aMANAGEMENT - INFORMATION SYSTEM
650 0 4 _aINFORMATION RESOURCES MANAGEMENET
650 0 4 _aINFORMATION TECHNOLOGY - MANAGMENT
942 _2ddc
_cBK
999 _c18181
_d18181